[Event "C.to Italiano Semifinale"]
[Site "Acqui Terme ITA"]
[Date "2011.07.21"]
[Round "6"]
[White "Piscopo, Pierluigi"]
[Black "Sbarra, Marco"]
[Result "1/2-1/2"]
[WhiteElo "2397"]
[BlackElo "2266"]
[PlyCount "91"]
[EventDate "2011.07.17"]

1. e4 e5 2. Nf3 Nc6 3. Bc4 Nf6 4. d3 Bc5 5. Nc3 d6 6. Bg5 h6 7. Bxf6 Qxf6 8.
Nd5 Qd8 9. c3 a6 10. d4 exd4 11. cxd4 Ba7 12. Rc1 O-O 13. h3 Re8 14. O-O Rxe4
15. Bd3 Re8 16. Bb1 g6 17. Qd2 Kg7 18. b4 Be6 19. Nf4 d5 20. a4 Bb6 21. a5 Ba7
22. Rxc6 bxc6 23. Rc1 c5 24. bxc5 c6 25. Ne5 Rc8 26. Rc3 Bb8 27. Rg3 Bxe5 28.
dxe5 Qh4 29. Qd4 Kh7 30. Nxe6 Qxd4 31. Nxd4 Rxe5 32. Rb3 Re1+ 33. Kh2 Rc1 34.
Rb7 Kg8 35. Bd3 Rxc5 36. Nb3 Rc3 37. Bxa6 Ra8 38. Bf1 c5 39. a6 c4 40. Nc5 Ra3
41. Rd7 Rc8 42. Rxd5 Ra5 43. Ne4 Rxd5 44. Nf6+ Kg7 45. Nxd5 c3 46. a7 1/2-1/2

[Event "C.to Italiano Semifinale"]
[Site "Acqui Terme ITA"]
[Date "2011.07.21"]
[Round "6"]
[White "Rombaldoni, Denis"]
[Black "Rombaldoni, Axel"]
[Result "1/2-1/2"]
[WhiteElo "2495"]
[BlackElo "2459"]
[PlyCount "21"]
[EventDate "2011.07.17"]

1. d4 d5 2. Nf3 e6 3. c4 c6 4. e3 Nf6 5. Nc3 Nbd7 6. b3 b6 7. Bb2 Bb7 8. Be2
Bd6 9. O-O O-O 10. Qc2 Qe7 11. Rad1 1/2-1/2

[Event "C.to Italiano Semifinale"]
[Site "Acqui Terme ITA"]
[Date "2011.07.21"]
[Round "6"]
[White "Sedina, Elena"]
[Black "Calavalle, Giulio"]
[Result "1-0"]
[WhiteElo "2339"]
[BlackElo "2239"]
[PlyCount "39"]
[EventDate "2011.07.17"]

1. e4 c5 2. Nf3 Nc6 3. Bb5 g6 4. O-O Bg7 5. c3 e5 6. d4 cxd4 7. cxd4 Nxd4 8.
Nxd4 exd4 9. f4 Qb6 10. Na3 Kf8 11. Qa4 Nf6 12. Nc4 Qc5 13. Bd2 Kg8 14. e5 Nd5
15. Rac1 d3+ 16. Kh1 Qd4 17. Nd6 Qxa4 18. Bxa4 Nb6 19. Bb3 Bf8 20. Nxf7 1-0

[Event "C.to Italiano Semifinale"]
[Site "Acqui Terme ITA"]
[Date "2011.07.22"]
[Round "7"]
[White "Altini, Nicola"]
[Black "Piscopo, Pierluigi"]
[Result "0-1"]
[WhiteElo "2267"]
[BlackElo "2397"]
[PlyCount "60"]
[EventDate "2011.07.17"]

1. Nf3 d6 2. d4 Nf6 3. c4 g6 4. Nc3 Bg7 5. e4 O-O 6. Be2 c5 7. O-O Na6 8. d5
Nc7 9. Bg5 h6 10. Bf4 g5 11. Be3 e6 12. Nd2 exd5 13. cxd5 Re8 14. a4 a6 15. a5
Rb8 16. Qc2 b5 17. axb6 Rxb6 18. Nc4 Rb4 19. Rad1 Bg4 20. f3 Bh5 21. e5 Bg6 22.
Qd2 Nd7 23. exd6 Nb5 24. Bf2 Rxb2 25. Nxb2 Bxc3 26. Qc1 Rxe2 27. Nc4 Qf6 28.
Nd2 Nxd6 29. Kh1 Bb2 30. Ne4 Nxe4 0-1

[Event "C.to Italiano Semifinale"]
[Site "Acqui Terme ITA"]
[Date "2011.07.22"]
[Round "7"]
[White "Basso, Pier Luigi"]
[Black "Martorelli, Antonio"]
[Result "0-1"]
[WhiteElo "2045"]
[BlackElo "2224"]
[PlyCount "94"]
[EventDate "2011.07.17"]

1. e4 e5 2. Nf3 Nc6 3. d4 exd4 4. Bc4 Nf6 5. O-O Nxe4 6. Re1 d5 7. Bxd5 Qxd5 8.
Nc3 Qa5 9. Nxe4 Be6 10. Bd2 Bb4 11. Nxd4 Nxd4 12. Bxb4 Qxb4 13. c3 Qb6 14. cxd4
O-O-O 15. Nc5 h5 16. Nxe6 fxe6 17. Qe2 Rxd4 18. Qxe6+ Qxe6 19. Rxe6 Rd2 20. Rb1
Rhd8 21. Kf1 Rc2 22. Re2 Rdd2 23. Rxd2 Rxd2 24. h4 a5 25. g3 a4 26. a3 b5 27.
Kg2 c6 28. Kf3 Kc7 29. Ke3 Rc2 30. f3 Kb6 31. Kf4 Kc5 32. b3 Rc3 33. bxa4 bxa4
34. Rb7 g6 35. g4 Rxa3 36. Ra7 Kb4 37. Kg5 Rxf3 38. gxh5 gxh5 39. Kxh5 Rg3 40.
Kh6 c5 41. h5 c4 42. Kh7 c3 43. Rb7+ Kc4 44. h6 c2 45. Kh8 Rc3 46. Ra7 c1=Q 47.
Rxa4+ Kb5 0-1

[Event "C.to Italiano Semifinale"]
[Site "Acqui Terme ITA"]
[Date "2011.07.22"]
[Round "7"]
[White "Bentivegna, Francesco"]
[Black "Malloni, Marcello"]
[Result "0-1"]
[WhiteElo "2330"]
[BlackElo "2293"]
[PlyCount "88"]
[EventDate "2011.07.17"]

1. e4 e5 2. Nf3 Nc6 3. Bc4 Bc5 4. O-O Nf6 5. d4 exd4 6. e5 d5 7. exf6 dxc4 8.
fxg7 Rg8 9. Re1+ Be6 10. Bg5 Be7 11. Bxe7 Qxe7 12. Nxd4 Rd8 13. c3 Nxd4 14.
cxd4 Rxg7 15. Nc3 Kf8 16. Qf3 c6 17. Re4 Rg6 18. Rae1 Qf6 19. Rf4 Qg7 20. Re5
Rxd4 21. Ree4 Rxe4 22. Qxe4 Bh3 23. g3 Re6 24. Qb1 Qg6 25. Ne4 Bf5 26. f3 Bxe4
27. fxe4 Rd6 28. Qe1 Kg8 29. e5 Re6 30. Rxc4 Qf5 31. Re4 f6 32. g4 Qf3 33. Re3
Rxe5 34. Rxe5 Qxg4+ 35. Kh1 Qf3+ 36. Kg1 Qg4+ 37. Kh1 fxe5 38. Qxe5 Qd1+ 39.
Kg2 Qd5+ 40. Qxd5+ cxd5 41. Kf3 Kf7 42. Ke3 Ke6 43. Kd4 Kd6 44. b4 b5 0-1

[Event "C.to Italiano Semifinale"]
[Site "Acqui Terme ITA"]
[Date "2011.07.22"]
[Round "7"]
[White "Boscolo, Federico"]
[Black "Caprio, Guido"]
[Result "0-1"]
[WhiteElo "2210"]
[BlackElo "2312"]
[PlyCount "36"]
[EventDate "2011.07.17"]

1. e4 c5 2. c3 Nf6 3. e5 Nd5 4. Nf3 e6 5. d4 cxd4 6. cxd4 b6 7. Bd3 Bb7 8. a3
Be7 9. O-O O-O 10. Qc2 f5 11. exf6 Nxf6 12. Ng5 h6 13. Nh3 Nc6 14. Be3 Qb8 15.
Nc3 Ng4 16. g3 Rf3 17. Qe2 Nxe3 18. fxe3 Nxd4 0-1

[Event "C.to Italiano Semifinale"]
[Site "Acqui Terme ITA"]
[Date "2011.07.22"]
[Round "7"]
[White "Calavalle, Giulio"]
[Black "Lantini, Marco"]
[Result "1-0"]
[WhiteElo "2239"]
[BlackElo "2155"]
[PlyCount "95"]
[EventDate "2011.07.17"]

1. e4 e5 2. Nc3 Nf6 3. Bc4 Nc6 4. d3 Na5 5. Nge2 Be7 6. O-O O-O 7. Ng3 d6 8. f4
exf4 9. Rxf4 c6 10. Bb3 b5 11. Qe2 Nxb3 12. axb3 a5 13. Nf5 Bxf5 14. Rxf5 g6
15. Rf3 b4 16. Nd1 Re8 17. Kh1 d5 18. e5 Bd6 19. d4 Ne4 20. Nf2 f5 21. Nxe4
dxe4 22. Qc4+ Kh8 23. Rh3 Be7 24. Qf7 Bh4 25. Bh6 Rg8 26. e6 Qf6 27. Bf4 Rg7
28. Be5 Rxf7 29. exf7 Bg5 30. Rxa5 Rf8 31. Rg3 Bh4 32. Re3 Rxf7 33. g3 Bg5 34.
Re2 Re7 35. Bxf6+ Bxf6 36. c3 Rb7 37. Rc5 bxc3 38. bxc3 Rxb3 39. Rxc6 Kg7 40.
Rc7+ Kh6 41. Kg2 Bd8 42. Rc8 Ba5 43. Rc2 Rb1 44. Ra2 Bb6 45. Rb8 e3 46. Re2 g5
47. Rxe3 Rb2+ 48. Kf1 1-0

[Event "C.to Italiano Semifinale"]
[Site "Acqui Terme ITA"]
[Date "2011.07.22"]
[Round "7"]
[White "Contin, Daniel"]
[Black "Formento, Paolo"]
[Result "1/2-1/2"]
[WhiteElo "2319"]
[BlackElo "2024"]
[PlyCount "34"]
[EventDate "2011.07.17"]

1. Nf3 g6 2. c4 Bg7 3. d4 Nf6 4. g3 c5 5. Nc3 O-O 6. Bg2 cxd4 7. Nxd4 Nc6 8.
Nc2 d6 9. O-O Be6 10. b3 Nd7 11. Bb2 Qa5 12. Qd2 Nb6 13. Ne3 Rfd8 14. Rfd1 Rd7
15. Rac1 Rad8 16. a3 Nd4 17. b4 Qa6 1/2-1/2

[Event "C.to Italiano Semifinale"]
[Site "Acqui Terme ITA"]
[Date "2011.07.22"]
[Round "7"]
[White "Ferretti, Carlo"]
[Black "Marguerettaz, Davy"]
[Result "0-1"]
[WhiteElo "1997"]
[BlackElo "2160"]
[PlyCount "98"]
[EventDate "2011.07.17"]

1. d4 d5 2. Nf3 Nf6 3. e3 Bf5 4. Bd3 e6 5. Bxf5 exf5 6. Qd3 Qc8 7. O-O Bd6 8.
b3 O-O 9. Ba3 Bxa3 10. Nxa3 c6 11. c4 Qe6 12. Ne5 Nbd7 13. cxd5 Nxd5 14. Nxd7
Qxd7 15. Nc4 Rfe8 16. Rfd1 Re7 17. a3 Rae8 18. g3 g5 19. Re1 Nf6 20. Rad1 g4
21. Ne5 Qe6 22. Qc4 Nd5 23. Nd3 Qg6 24. Nf4 Nxf4 25. gxf4 Re4 26. Qc5 b6 27.
Qc3 Qh5 28. d5 cxd5 29. Qf6 R4e6 30. Qg5+ Qxg5 31. fxg5 f4 32. Rxd5 fxe3 33.
fxe3 Rxe3 34. Rf1 R8e7 35. a4 Rxb3 36. Rd4 g3 37. h4 Rb2 38. Rg4 g2 39. Rxg2
Rxg2+ 40. Kxg2 Re4 41. Kg3 Rxa4 42. h5 Kg7 43. Rf6 b5 44. h6+ Kf8 45. Kf3 b4
46. Ke3 b3 47. Kd3 Rb4 48. Rf1 b2 49. Rb1 a5 0-1

[Event "C.to Italiano Semifinale"]
[Site "Acqui Terme ITA"]
[Date "2011.07.22"]
[Round "7"]
[White "Ferri, Stefano"]
[Black "Parrella, Alfredo"]
[Result "1-0"]
[WhiteElo "2207"]
[BlackElo "2110"]
[PlyCount "81"]
[EventDate "2011.07.17"]

1. e4 c5 2. Nf3 d6 3. c3 Nf6 4. Be2 Nc6 5. d4 cxd4 6. cxd4 Nxe4 7. d5 Qa5+ 8.
Nc3 Nxc3 9. bxc3 Nd8 10. O-O g6 11. Qd4 f6 12. Rb1 Bg7 13. Bb5+ Kf7 14. Re1 Qc7
15. Ba3 h6 16. Qe3 f5 17. Nd4 Bf6 18. Rb4 a6 19. Be2 Kg7 20. Rc4 Qa5 21. Bb4
Qxd5 22. Rc7 Nf7 23. Bc4 Qe4 24. Qd2 Qg4 25. Be2 Bg5 26. Qd1 Qf4 27. Bf3 Qh4
28. g3 Qh3 29. Bg2 Qg4 30. f3 Qh5 31. h4 Bf6 32. Rxc8 Bxd4+ 33. Qxd4+ e5 34.
Rxh8 Rxh8 35. Qd5 f4 36. Bxd6 Re8 37. gxf4 Qxh4 38. Bxe5+ Kg8 39. Qe4 Kh7 40.
Rd1 Nxe5 41. fxe5 1-0

[Event "C.to Italiano Semifinale"]
[Site "Acqui Terme ITA"]
[Date "2011.07.22"]
[Round "7"]
[White "Genocchio, Daniele"]
[Black "Andreoni, Giuseppe"]
[Result "1-0"]
[WhiteElo "2446"]
[BlackElo "2092"]
[PlyCount "65"]
[EventDate "2011.07.17"]

1. c4 b6 2. Nc3 Bb7 3. d4 e6 4. a3 Nf6 5. d5 exd5 6. cxd5 Bd6 7. Nf3 O-O 8. Bg5
Re8 9. e3 c6 10. Bc4 Na6 11. O-O Nc7 12. e4 cxd5 13. exd5 h6 14. Bh4 Ba6 15.
Bxa6 Nxa6 16. b4 Rc8 17. Qd3 Nc7 18. Rae1 Rxe1 19. Rxe1 Nce8 20. Ne4 Qc7 21.
Nxf6+ Nxf6 22. Bxf6 gxf6 23. Qf5 Be5 24. g3 d6 25. Qg4+ Kh7 26. Qe4+ Kh8 27.
Qh4 Kh7 28. Qh5 Rg8 29. Qf5+ Kh8 30. Qh3 Kh7 31. Re4 Qc8 32. Qh5 Qc2 33. Qf5+
1-0

[Event "C.to Italiano Semifinale"]
[Site "Acqui Terme ITA"]
[Date "2011.07.22"]
[Round "7"]
[White "Molina, Fabrizio"]
[Black "Sedina, Elena"]
[Result "1/2-1/2"]
[WhiteElo "2256"]
[BlackElo "2339"]
[PlyCount "54"]
[EventDate "2011.07.17"]

1. Nf3 d5 2. g3 c6 3. Bg2 Bg4 4. c4 e6 5. O-O Nf6 6. d3 Nbd7 7. b3 Bd6 8. Bb2
O-O 9. Nbd2 Re8 10. Qc2 a5 11. a3 e5 12. h3 Bh5 13. e4 dxe4 14. Nxe4 Nxe4 15.
dxe4 Bc5 16. Bc3 Qb6 17. b4 axb4 18. axb4 Rxa1 19. Rxa1 Bxb4 20. Rb1 c5 21. Qa4
Qc6 22. Qxc6 bxc6 23. Bxb4 cxb4 24. Rxb4 f6 25. Ne1 Ra8 26. Nc2 Bf7 27. Ne3 Rb8
1/2-1/2

[Event "C.to Italiano Semifinale"]
[Site "Acqui Terme ITA"]
[Date "2011.07.22"]
[Round "7"]
[White "Pegoraro, Nicola"]
[Black "Gioseffi, Massimiliano"]
[Result "0-1"]
[WhiteElo "2012"]
[BlackElo "2105"]
[PlyCount "48"]
[EventDate "2011.07.17"]

1. e4 c5 2. Nf3 e6 3. d4 cxd4 4. Nxd4 Nf6 5. Bd3 Bc5 6. Nb3 Be7 7. Nc3 d6 8.
O-O O-O 9. f4 Nc6 10. Qe2 a6 11. Bd2 Qc7 12. Rae1 b5 13. a3 Bb7 14. Rf3 g6 15.
Rh3 d5 16. exd5 exd5 17. f5 Rfe8 18. Qf3 Ne5 19. Qg3 Bd6 20. fxg6 Nxg6 21.
Rxe8+ Rxe8 22. Qg5 Be5 23. Qh6 Qb6+ 24. Kh1 Bf4 0-1

[Event "C.to Italiano Semifinale"]
[Site "Acqui Terme ITA"]
[Date "2011.07.22"]
[Round "7"]
[White "Rombaldoni, Axel"]
[Black "Mogranzini, Roberto"]
[Result "1/2-1/2"]
[WhiteElo "2459"]
[BlackElo "2433"]
[PlyCount "61"]
[EventDate "2011.07.17"]

1. e4 c5 2. Nf3 Nc6 3. Bb5 g6 4. O-O Bg7 5. c3 Nf6 6. Re1 O-O 7. e5 Nd5 8. d4
cxd4 9. cxd4 d6 10. Nc3 Nxc3 11. bxc3 a6 12. Bf1 dxe5 13. d5 e4 14. Rxe4 Bf5
15. Re1 Nb4 16. cxb4 Bxa1 17. Bh6 Bg7 18. Bxg7 Kxg7 19. Qd4+ Kg8 20. g4 Bc8 21.
Bg2 Qd6 22. Ne5 Bd7 23. a3 Rac8 24. Nc4 Qc7 25. Nb6 Rcd8 26. h3 Rfe8 27. Qc5
Qd6 28. Re3 Kf8 29. Nc4 Qf6 30. Ne5 Kg8 31. Qc3 1/2-1/2

[Event "C.to Italiano Semifinale"]
[Site "Acqui Terme ITA"]
[Date "2011.07.22"]
[Round "7"]
[White "Sbarra, Marco"]
[Black "Melone, Antonio"]
[Result "0-1"]
[WhiteElo "2266"]
[BlackElo "2046"]
[PlyCount "146"]
[EventDate "2011.07.17"]

1. d4 Nf6 2. c4 c5 3. d5 e6 4. Nc3 exd5 5. cxd5 d6 6. e4 g6 7. f4 Bg7 8. Bb5+
Nfd7 9. a4 O-O 10. Nf3 Na6 11. O-O Nc7 12. Re1 a6 13. Bf1 Re8 14. h3 Rb8 15. a5
b5 16. axb6 Rxb6 17. e5 dxe5 18. d6 Nb5 19. Ne4 Bb7 20. fxe5 Bxe4 21. Rxe4 Nxe5
22. Bf4 Rxd6 23. Qe2 Nxf3+ 24. Qxf3 Rxe4 25. Qxe4 Re6 26. Qf3 Nd4 27. Qd3 Qf6
28. Bd2 Nb5 29. Bc3 Nxc3 30. bxc3 Qxc3 31. Qd8+ Bf8 32. Rxa6 Qe3+ 33. Kh1 Qe1
34. Qd3 Re3 35. Qb5 Qg3 36. Ra8 Re1 37. Re8 Rxe8 38. Qxe8 Qf4 39. Qb5 Bd6 40.
Kg1 Be5 41. Qe2 Qh2+ 42. Kf2 Bd4+ 43. Kf3 Qd6 44. Ke4 Qe6+ 45. Kd3 Qb3+ 46. Ke4
f5+ 47. Kf4 Qb8+ 48. Kf3 Qb7+ 49. Kf4 Qc7+ 50. Kf3 Qc6+ 51. Kf4 Qd6+ 52. Kf3
Qd5+ 53. Kf4 Qd6+ 54. Kf3 g5 55. Qe8+ Kg7 56. Bc4 Qf4+ 57. Ke2 Qf2+ 58. Kd3
Qf1+ 59. Qe2 Qb1+ 60. Qc2 Qxc2+ 61. Kxc2 Kf6 62. Kd3 Ke5 63. Ke2 Kf4 64. Bd3 h5
65. Kf1 g4 66. Ke2 Kg5 67. Bc4 f4 68. Be6 f3+ 69. gxf3 g3 70. Kf1 Kf4 71. Kg2
h4 72. Bd5 Ke3 73. f4 Kxf4 0-1

[Event "C.to Italiano Semifinale"]
[Site "Acqui Terme ITA"]
[Date "2011.07.23"]
[Round "8"]
[White "Andreoni, Giuseppe"]
[Black "Basso, Pier Luigi"]
[Result "1-0"]
[WhiteElo "2092"]
[BlackElo "2045"]
[PlyCount "49"]
[EventDate "2011.07.17"]

1. d4 e6 2. c4 b6 3. e4 Bb7 4. Bd3 Nf6 5. Qf3 Nc6 6. Ne2 e5 7. d5 Bb4+ 8. Nd2
Nb8 9. Qg3 d6 10. O-O Bxd2 11. Bxd2 O-O 12. Bh6 Ne8 13. f4 Kh8 14. Bg5 f6 15.
fxe5 dxe5 16. Qxe5 h6 17. Qf5 Bc8 18. Qg6 hxg5 19. e5 f5 20. Nd4 Qe7 21. Nxf5
Bxf5 22. Rxf5 Qc5+ 23. Kh1 Rxf5 24. Bxf5 Kg8 25. Be6+ 1-0

[Event "C.to Italiano Semifinale"]
[Site "Acqui Terme ITA"]
[Date "2011.07.23"]
[Round "8"]
[White "Calavalle, Giulio"]
[Black "Boscolo, Federico"]
[Result "1/2-1/2"]
[WhiteElo "2239"]
[BlackElo "2210"]
[PlyCount "110"]
[EventDate "2011.07.17"]

1. e4 c5 2. Nc3 e6 3. Nf3 Nc6 4. g3 d5 5. Bg2 Nf6 6. exd5 exd5 7. d4 Bg4 8. Ne2
Be7 9. h3 Bh5 10. O-O O-O 11. c3 Qb6 12. dxc5 Bxc5 13. b4 Bxf2+ 14. Rxf2 Ne4
15. Qf1 Rfe8 16. g4 Nxf2 17. Qxf2 Rxe2 18. Qxb6 axb6 19. gxh5 Raxa2 20. Rxa2
Rxa2 21. Bf4 Rc2 22. b5 Ne7 23. Be5 f6 24. Bd4 Kf7 25. Kf1 Rb2 26. Bxb6 Rxb5
27. Bf2 Rb3 28. Be1 Rb2 29. Nd4 f5 30. Bh4 g6 31. Bxe7 Kxe7 32. hxg6 hxg6 33.
Bxd5 Kf6 34. c4 Ke5 35. Nf3+ Kf4 36. h4 Kg3 37. Ne5 f4 38. Ke1 b6 39. Kd1 Rh2
40. Be4 Rxh4 41. Nxg6 Rh6 42. Ne7 Re6 43. Nf5+ Kg4 44. Bd3 f3 45. Kd2 Kf4 46.
Nd4 Rh6 47. Kc3 f2 48. Nb3 Rh8 49. Nd2 Ke3 50. Nf1+ Kf3 51. Nd2+ Kg2 52. Bf1+
Kg1 53. Bd3 Rc8 54. Kb3 Rc7 55. Kb2 Rc8 1/2-1/2

[Event "C.to Italiano Semifinale"]
[Site "Acqui Terme ITA"]
[Date "2011.07.23"]
[Round "8"]
[White "Caprio, Guido"]
[Black "Molina, Fabrizio"]
[Result "1-0"]
[WhiteElo "2312"]
[BlackElo "2256"]
[PlyCount "49"]
[EventDate "2011.07.17"]

1. e4 d6 2. Nc3 Nf6 3. f4 d5 4. e5 d4 5. Nce2 Nd5 6. Nxd4 Nxf4 7. Ndf3 Ng6 8.
d4 e6 9. h4 c5 10. h5 Ne7 11. c3 h6 12. Bd3 cxd4 13. cxd4 Nbc6 14. Ne2 Nd5 15.
O-O Qb6 16. a3 a5 17. Kh1 Bd7 18. Nc3 Nxd4 19. Nxd5 exd5 20. Be3 Bc5 21. b4
axb4 22. axb4 Rxa1 23. Qxa1 Qd8 24. Bxd4 Bxb4 25. e6 1-0

[Event "C.to Italiano Semifinale"]
[Site "Acqui Terme ITA"]
[Date "2011.07.23"]
[Round "8"]
[White "De Barberis, Massimo"]
[Black "Altini, Nicola"]
[Result "0-1"]
[WhiteElo "2087"]
[BlackElo "2267"]
[PlyCount "64"]
[EventDate "2011.07.17"]

1. e4 c5 2. Nf3 g6 3. c3 Bg7 4. d4 cxd4 5. cxd4 d5 6. e5 Bg4 7. Nbd2 Nc6 8. Bb5
Nh6 9. O-O O-O 10. h3 Bd7 11. Be2 Rc8 12. Nb3 Qb6 13. Be3 Nf5 14. Nc5 Rfd8 15.
b4 Nxe3 16. fxe3 Bh6 17. Kf2 Bf5 18. a3 a5 19. b5 Nb8 20. g4 Be4 21. Qb3 Nd7
22. Nxe4 dxe4 23. Nd2 Nxe5 24. Kg2 a4 25. Qa2 Bxe3 26. dxe5 Rxd2 27. Qxf7+ Kh8
28. Rae1 Qxb5 29. Qxe7 Rxe2+ 30. Kh1 Bh6 31. Rc1 Re8 32. Qh4 Qxe5 0-1

[Event "C.to Italiano Semifinale"]
[Site "Acqui Terme ITA"]
[Date "2011.07.23"]
[Round "8"]
[White "Ferri, Stefano"]
[Black "Sbarra, Marco"]
[Result "1/2-1/2"]
[WhiteElo "2207"]
[BlackElo "2266"]
[PlyCount "47"]
[EventDate "2011.07.17"]

1. e4 e5 2. Nc3 Nf6 3. f4 d5 4. fxe5 Nxe4 5. Nf3 Nc6 6. Qe2 Nxc3 7. dxc3 Bg4 8.
Bf4 Qd7 9. O-O-O O-O-O 10. Qf2 h6 11. h4 Kb8 12. Bd3 g6 13. Kb1 Bg7 14. Rhe1
Rhe8 15. Qg3 Re7 16. Rd2 Rde8 17. Be4 Bxf3 18. gxf3 Bxe5 19. Red1 g5 20. hxg5
hxg5 21. Qxg5 f6 22. Qh4 Qd6 23. Qg4 Qd7 24. Qh4 1/2-1/2

[Event "C.to Italiano Semifinale"]
[Site "Acqui Terme ITA"]
[Date "2011.07.23"]
[Round "8"]
[White "Gioseffi, Massimiliano"]
[Black "Di Paolo, Raffaele"]
[Result "1/2-1/2"]
[WhiteElo "2105"]
[BlackElo "2312"]
[PlyCount "73"]
[EventDate "2011.07.17"]

1. d4 Nf6 2. c4 g6 3. Nc3 Bg7 4. e4 d6 5. Nf3 O-O 6. Be2 e5 7. O-O Nc6 8. d5
Ne7 9. Ne1 Nd7 10. Be3 f5 11. f3 f4 12. Bf2 g5 13. a4 a5 14. Nd3 b6 15. Be1 Ng6
16. Nb5 Nf6 17. Nf2 h5 18. h3 Rf7 19. b4 axb4 20. Bxb4 Bf8 21. a5 bxa5 22. Rxa5
Rxa5 23. Bxa5 Rg7 24. Na7 Bd7 25. Nb5 Bc8 26. c5 g4 27. hxg4 hxg4 28. fxg4 Nh4
29. c6 Nh5 30. Nh1 Nxg2 31. Kxg2 Qh4 32. Be1 f3+ 33. Bxf3 Nf4+ 34. Kg1 Nh3+ 35.
Kg2 Nf4+ 36. Kg1 Nh3+ 37. Kg2 1/2-1/2

[Event "C.to Italiano Semifinale"]
[Site "Acqui Terme ITA"]
[Date "2011.07.23"]
[Round "8"]
[White "Lantini, Marco"]
[Black "Ferretti, Carlo"]
[Result "1-0"]
[WhiteElo "2155"]
[BlackElo "1997"]
[PlyCount "79"]
[EventDate "2011.07.17"]

1. e4 c6 2. d4 d5 3. e5 c5 4. dxc5 Nc6 5. Nf3 Bg4 6. c3 Bxf3 7. Qxf3 e6 8. Qg3
Nge7 9. b4 Qc7 10. f4 Nf5 11. Qh3 g6 12. Bb5 b6 13. g4 Nfe7 14. Be3 Bg7 15. Nd2
O-O 16. O-O Rfb8 17. a4 bxc5 18. Bxc5 a6 19. Be2 Rc8 20. a5 Qb7 21. Nb3 Bf8 22.
Bb6 Nb8 23. Nc5 Qc6 24. Bd1 Qb5 25. Qe3 d4 26. Qxd4 Nbc6 27. Qe4 Nxb4 28. Ba4
Qxf1+ 29. Rxf1 Nbd5 30. Rf3 Nc6 31. Bxc6 Bxc5+ 32. Bxc5 Rxc6 33. c4 Rxc5 34.
cxd5 Rxd5 35. Rd3 Rad8 36. Rxd5 Rxd5 37. f5 gxf5 38. gxf5 Rd1+ 39. Kf2 exf5 40.
Qxf5 1-0

[Event "C.to Italiano Semifinale"]
[Site "Acqui Terme ITA"]
[Date "2011.07.23"]
[Round "8"]
[White "Marguerettaz, Davy"]
[Black "Bentivegna, Francesco"]
[Result "1/2-1/2"]
[WhiteElo "2160"]
[BlackElo "2330"]
[PlyCount "70"]
[EventDate "2011.07.17"]

1. d4 e6 2. c4 f5 3. Nc3 Nf6 4. e3 Bb4 5. Bd3 Bxc3+ 6. bxc3 b6 7. Ne2 Bb7 8.
O-O c5 9. f3 O-O 10. Rb1 Qe7 11. Ng3 Nc6 12. e4 cxd4 13. cxd4 Nxd4 14. exf5
Nxf5 15. Nxf5 exf5 16. Re1 Qf7 17. Rb5 Ba6 18. Rxf5 Bxc4 19. Be4 d5 20. Bb1
Rfe8 21. Bb2 Rxe1+ 22. Qxe1 Re8 23. Qh4 Qe7 24. Re5 Qf8 25. h3 Rxe5 26. Bxe5 h6
27. Qg3 Qf7 28. Bxf6 Qxf6 29. Qb8+ Kf7 30. Qxa7+ Ke8 31. Qb8+ Kd7 32. Qb7+ Kd8
33. Qb8+ Kd7 34. Qb7+ Kd8 35. Qb8+ Kd7 1/2-1/2

[Event "C.to Italiano Semifinale"]
[Site "Acqui Terme ITA"]
[Date "2011.07.23"]
[Round "8"]
[White "Martorelli, Antonio"]
[Black "Genocchio, Daniele"]
[Result "0-1"]
[WhiteElo "2224"]
[BlackElo "2446"]
[PlyCount "60"]
[EventDate "2011.07.17"]

1. e4 c6 2. d4 d5 3. Nc3 dxe4 4. Nxe4 Nf6 5. Nxf6+ gxf6 6. c3 Qd5 7. Nf3 Bg4 8.
Be2 Nd7 9. h3 Bh5 10. O-O O-O-O 11. Bf4 Rg8 12. Bg3 Nb6 13. Re1 Bh6 14. c4 Qa5
15. d5 e5 16. Nh4 Bxe2 17. Qxe2 cxd5 18. cxd5 Nxd5 19. Qc2+ Kb8 20. Qxh7 Bf4
21. Qxf7 Rxg3 22. fxg3 Bxg3 23. Re4 Qb6+ 24. Kh1 Nf4 25. Nf5 Qxb2 26. Rg1 Nxh3
27. Nxg3 Nf2+ 28. Kh2 Rh8+ 29. Nh5 Nxe4 30. Re1 Nd6 0-1

[Event "C.to Italiano Semifinale"]
[Site "Acqui Terme ITA"]
[Date "2011.07.23"]
[Round "8"]
[White "Melone, Antonio"]
[Black "Contin, Daniel"]
[Result "1/2-1/2"]
[WhiteElo "2046"]
[BlackElo "2319"]
[PlyCount "79"]
[EventDate "2011.07.17"]

1. d4 Nf6 2. c4 e6 3. Nc3 Bb4 4. f3 c5 5. d5 Bxc3+ 6. bxc3 d6 7. e4 e5 8. Be3
Nbd7 9. Bd3 Nf8 10. Ne2 Ng6 11. O-O Bd7 12. Ng3 Qa5 13. Nf5 Bxf5 14. exf5 Nf4
15. Bxf4 exf4 16. Re1+ Kd7 17. Rb1 b6 18. Qd2 Rhe8 19. g4 h6 20. h4 Rxe1+ 21.
Rxe1 Re8 22. g5 hxg5 23. hxg5 Rxe1+ 24. Qxe1 Ne8 25. f6 gxf6 26. g6 fxg6 27.
Qe6+ Kd8 28. Bxg6 Qa4 29. Bxe8 Qxe8 30. Qxf6+ Kc7 31. Qxf4 Qe1+ 32. Kg2 Qe2+
33. Kg3 Qe1+ 34. Kg4 Qxc3 35. Qf7+ Kb8 36. Qe8+ Kb7 37. Qc6+ Ka6 38. Qb5+ Kb7
39. Qc6+ Ka6 40. Qb5+ 1/2-1/2

[Event "C.to Italiano Semifinale"]
[Site "Acqui Terme ITA"]
[Date "2011.07.23"]
[Round "8"]
[White "Mogranzini, Roberto"]
[Black "Formento, Paolo"]
[Result "1-0"]
[WhiteElo "2433"]
[BlackElo "2024"]
[PlyCount "55"]
[EventDate "2011.07.17"]

1. c4 e5 2. g3 Nf6 3. Bg2 Be7 4. Nc3 O-O 5. Nf3 d6 6. d4 Nbd7 7. O-O c6 8. Qc2
Qc7 9. b3 Rd8 10. Bb2 Nf8 11. h3 Ng6 12. Rfd1 h6 13. Rac1 Be6 14. Kh2 Rac8 15.
Qb1 Qb8 16. e4 Bd7 17. Qc2 Ne8 18. Qe2 f6 19. h4 Nc7 20. h5 Nh8 21. d5 c5 22.
Nh4 Rf8 23. Bh3 Bxh3 24. Kxh3 Rf7 25. Nf5 Kh7 26. Rb1 Rg8 27. Bc1 Bf8 28. a3
1-0

[Event "C.to Italiano Semifinale"]
[Site "Acqui Terme ITA"]
[Date "2011.07.23"]
[Round "8"]
[White "Piscopo, Pierluigi"]
[Black "Malloni, Marcello"]
[Result "1/2-1/2"]
[WhiteElo "2397"]
[BlackElo "2293"]
[PlyCount "97"]
[EventDate "2011.07.17"]

1. e4 e5 2. Nf3 Nc6 3. Bc4 Bc5 4. c3 Nf6 5. b4 Bb6 6. d3 d6 7. O-O O-O 8. Nbd2
a6 9. Bb3 d5 10. exd5 Nxd5 11. Ne4 Bf5 12. Bg5 Qd7 13. a3 Kh8 14. c4 Nf4 15.
Bxf4 exf4 16. c5 Ba7 17. Qc1 Qxd3 18. Bc2 Qc4 19. Qxf4 Bg6 20. Rac1 Rae8 21.
Bb1 Qe6 22. Rfe1 Ne5 23. Neg5 Qf6 24. Qg3 Nxf3+ 25. Nxf3 Bb8 26. Bxg6 fxg6 27.
Rxe8 Rxe8 28. Re1 Rxe1+ 29. Nxe1 Qf8 30. Qd3 Qe8 31. Nf3 c6 32. g3 Bc7 33. Ng5
a5 34. Qb3 h6 35. Qe6 Qxe6 36. Nxe6 axb4 37. axb4 Be5 38. Nd8 Bc3 39. Nxb7 Bxb4
40. Kf1 Kg8 41. Ke2 Kf7 42. Nd8+ Kf6 43. Nxc6 Bxc5 44. f4 Bd6 45. Nd4 g5 46.
fxg5+ Kxg5 47. Kf3 Kf6 48. Ke4 g6 49. Ne2 1/2-1/2

[Event "C.to Italiano Semifinale"]
[Site "Acqui Terme ITA"]
[Date "2011.07.23"]
[Round "8"]
[White "Rombaldoni, Axel"]
[Black "Dvirnyy, Danyyil"]
[Result "1/2-1/2"]
[WhiteElo "2459"]
[BlackElo "2436"]
[PlyCount "21"]
[EventDate "2011.07.17"]

1. e4 e5 2. Nf3 Nc6 3. Bb5 Nf6 4. O-O Nxe4 5. d4 Nd6 6. Bxc6 dxc6 7. dxe5 Nf5
8. Qxd8+ Kxd8 9. Nc3 h6 10. h3 Bd7 11. b3 1/2-1/2

[Event "C.to Italiano Semifinale"]
[Site "Acqui Terme ITA"]
[Date "2011.07.23"]
[Round "8"]
[White "Rombaldoni, Denis"]
[Black "Sedina, Elena"]
[Result "1-0"]
[WhiteElo "2495"]
[BlackElo "2339"]
[PlyCount "59"]
[EventDate "2011.07.17"]

1. Nf3 d5 2. g3 c6 3. Bg2 Bg4 4. O-O Nd7 5. d4 e6 6. Nbd2 Ngf6 7. Re1 Be7 8. e4
O-O 9. c3 a5 10. a4 Bh5 11. e5 Ne8 12. Nb3 Nc7 13. Be3 b6 14. Nc1 c5 15. Nd3
Bg6 16. Nf4 Be4 17. h4 cxd4 18. cxd4 Na6 19. Ng5 Bxg2 20. Kxg2 Bb4 21. Rh1 Be7
22. Qb1 g6 23. Nxh7 Kxh7 24. h5 Kg7 25. hxg6 Rh8 26. gxf7 Nf8 27. Rxh8 Kxh8 28.
Nxe6 Qd7 29. Nxf8 Bxf8 30. Qg6 1-0